| 000 | 00944nam a22003017a 4500 | ||
|---|---|---|---|
| 003 | CHAP | ||
| 005 | 20220329143713.0 | ||
| 008 | 110308s1976 mx a r 00010 spa d | ||
| 010 | _a100599 | ||
| 011 | _a101571 | ||
| 035 | _a112259 | ||
| 040 | _cCHAP | ||
| 082 | 0 | 4 |
_a581.634 _bB66 |
| 100 | 1 |
_aBoue, Wilfredo _914735 |
|
| 245 | 1 | 3 |
_aEl médico del hogar : _btratado popular de plantas medicinales _c/por Wilfredo Boue |
| 260 |
_aMéxico, D.F. : _bTeocalli, _c[1976] |
||
| 300 |
_a256 p. : _bilus. |
||
| 590 |
_aBATCH-UPD _b10 _c20130110 _lUCH01 _h0859 |
||
| 590 |
_aBATCH-UPD _b10 _c20130410 _lUCH01 _h0529 |
||
| 590 |
_aBATCH-UPD _b10 _c20130914 _lUCH01 _h0743 |
||
| 590 |
_aCONVERSION _b10 _c20130109 _lUCH01 _h1355 |
||
| 650 | 1 | 4 |
_aBotánica médica. _914680 |
| 650 | 1 | 4 |
_aMedicina tradicional. _973921 |
| 901 | _aBK | ||
| 911 | _aen proceso | ||
| 942 | _cLIBRO | ||
| 949 |
_a581.634 B66 _bBC _cLIBRO _d33724002230900 _eLIBRO _h114339 _i112259 _si |
||
| 999 |
_c100599 _d100599 |
||